000
00215 a2200097 4500
001
42666
100
_a
Craven
245
_a
The Army Air Force/n War II
260
_a
London
_b
Chicago press
_c
090
_c
26561
_d
26561
942
_a
NUST-CAE
_c
M
_c
18404
999
_c
277739
_d
277739